[Event "ISL-chT1 1920"]
[Site "Reykjavik"]
[Date "2019.10.06"]
[Round "5.4"]
[White "Hreinsson, Hlidar Thor"]
[Black "Danielsen, Henrik"]
[Result "0-1"]
[WhiteElo "2215"]
[BlackElo "2497"]
[PlyCount "104"]
[EventDate "2019.10.03"]
[EventType "team-tourn"]
[EventRounds "9"]
[EventCountry "ISL"]
[SourceTitle "CBM 195 Extra"]
[Source "ChessBase"]
[SourceDate "2020.05.31"]
[SourceVersion "1"]
[SourceVersionDate "2020.05.31"]
[SourceQuality "1"]
[WhiteTeam "Breidjablik Bolungarvik"]
[BlackTeam "Skakfelag Selfoss"]
[WhiteTeamCountry "ISL"]
[BlackTeamCountry "ISL"]

1. e4 d6 2. d4 Nf6 3. Nc3 e5 4. Nf3 Nbd7 5. Be3 c6 6. h3 b5 7. a3 Bb7 8. d5 cxd5 9. Nxd5 Nxd5 10. exd5 Be7 11. a4 bxa4 12. Rxa4 0-0 13. Ba6 Nb6 14. Bxb7 Nxa4 15. Bxa8 Qxa8 16. Qa1 Nb6 17. Bxb6 axb6 18. Qxa8 Rxa8 19. Kd2 f5 20. g4 fxg4 21. hxg4 Ra4 22. Rg1 e4 23. Re1 Bf6 24. b3 Rb4 25. g5 exf3 26. gxf6 Rd4+ 27. Kc3 Rxd5 28. Re8+ Kf7 29. fxg7 Kxg7 30. Re7+ Kg6 31. Re3 Rf5 32. Kd4 h5 33. Re6+ Rf6 34. Re8 Kg5 35. Ke3 d5 36. Rg8+ Rg6 37. Rf8 Rc6 38. Rd8 Kg4 39. Rg8+ Kf5 40. Rh8 Kg5 41. Rg8+ Kh4 42. c4 dxc4 43. bxc4 Rxc4 44. Kxf3 Rg4 45. Rb8 Rg6 46. Rd8 Kh3 47. Ke4 Kg4 48. f3+ Kg3 49. Rd3 Rf6 50. Rb3 h4 51. Rc3 Rf4+ 52. Ke5 Rxf3 0-1